MARC details
| 000 -LEADER |
| fixed length control field |
02187pam a2200541 i 4500 |
| 001 - CONTROL NUMBER |
| control field |
BK0013901035 |
| 003 - CONTROL NUMBER IDENTIFIER |
| control field |
DLC |
| 005 - DATE AND TIME OF LATEST TRANSACTION |
| control field |
20241220141212.0 |
| 008 - FIXED-LENGTH DATA ELEMENTS--GENERAL INFORMATION |
| fixed length control field |
140115s2014 caua c 000 1 eng |
| 010 ## - LIBRARY OF CONGRESS CONTROL NUMBER |
| LC control number |
2013050369 |
| 020 ## - INTERNATIONAL STANDARD BOOK NUMBER |
| International Standard Book Number |
9781423178293 : SAL |
| Terms of availability |
$15.99 |
| 020 ## - INTERNATIONAL STANDARD BOOK NUMBER |
| International Standard Book Number |
1423178297 : SAL |
| Terms of availability |
$15.99 |
| 037 ## - SOURCE OF ACQUISITION |
| Source of stock number/acquisition |
Disney Pr, C/O Hachette Book Group USA 3 Center Plaza, Boston, MA, USA, 02108-2084 |
| Note |
SAN 200-2205 |
| 040 ## - CATALOGING SOURCE |
| Original cataloging agency |
DLC |
| Language of cataloging |
eng |
| Transcribing agency |
DLC |
| Description conventions |
rda |
| Modifying agency |
DLC |
| -- |
NjBwBT |
| -- |
IMmBT |
| 050 00 - LIBRARY OF CONGRESS CALL NUMBER |
| Classification number |
PZ7.S33376 |
| Item number |
Qui 2014 |
| 082 00 - DEWEY DECIMAL CLASSIFICATION NUMBER |
| Classification number |
[Fic] |
| Edition number |
23 |
| 084 ## - OTHER CLASSIFICATION NUMBER |
| Classification number |
JUV039060 |
| 084 ## - OTHER CLASSIFICATION NUMBER |
| Classification number |
JUV019000 |
| 084 ## - OTHER CLASSIFICATION NUMBER |
| Classification number |
JUV035000 |
| Source of number |
bisacsh |
| 092 ## - LOCALLY ASSIGNED DEWEY CALL NUMBER (OCLC) |
| Classification number |
FIC |
| 092 ## - LOCALLY ASSIGNED DEWEY CALL NUMBER (OCLC) |
| Classification number |
SCHANEN |
| 100 1# - MAIN ENTRY--PERSONAL NAME |
| Personal name |
Schanen, Adriana Brad. |
| 9 (RLIN) |
6274277 |
| 245 10 - TITLE STATEMENT |
| Title |
Quinny & Hopper / |
| Statement of responsibility, etc |
written by Adriana Brad Schanen ; illustrated by Greg Swearingen. |
| 246 3# - VARYING FORM OF TITLE |
| Title proper/short title |
Quinny and Hopper |
| 250 ## - EDITION STATEMENT |
| Edition statement |
First edition. |
| 260 ## - PUBLICATION, DISTRIBUTION, ETC. (IMPRINT) |
| Name of publisher, distributor, etc |
Disney Pr |
| Date of publication, distribution, etc |
2014 |
| 264 #1 - Production, Publication, Distribution, Manufacture, and Copyright Notice. |
| Place of production, publication, distribution, manufacture |
Los Angeles : |
| Name of producer, publisher, distributor, manufacturer |
Disney-Hyperion Books, |
| Date of production, publication, distribution, manufacture, or copyr |
[2014] |
| 300 ## - PHYSICAL DESCRIPTION |
| Extent |
230 pages : |
| Other physical details |
illustrations ; |
| Dimensions |
21 cm |
| 336 ## - Content Type |
| Content type term |
text |
| 337 ## - Media type |
| Media type term |
unmediated |
| 338 ## - Carrier type |
| Carrier type term |
volume |
| 520 ## - SUMMARY, ETC. |
| Summary, etc |
"Two polar-opposite eight year olds who become summer best friends find their friendship threatened by the uncertainties of a new school year"-- |
| -- |
Provided by publisher. |
| 650 #1 - SUBJECT ADDED ENTRY--TOPICAL TERM |
| Topical term or geographic name as entry element |
Best friends |
| Form subdivision |
Fiction. |
| 9 (RLIN) |
5675106 |
| 650 #1 - SUBJECT ADDED ENTRY--TOPICAL TERM |
| Topical term or geographic name as entry element |
Friendships |
| Form subdivision |
Fiction. |
| 9 (RLIN) |
6400135 |
| 650 #1 - SUBJECT ADDED ENTRY--TOPICAL TERM |
| Topical term or geographic name as entry element |
Individuality |
| Form subdivision |
Fiction. |
| 9 (RLIN) |
5674497 |
| 650 #1 - SUBJECT ADDED ENTRY--TOPICAL TERM |
| Topical term or geographic name as entry element |
Peer pressure |
| Form subdivision |
Fiction. |
| 9 (RLIN) |
6402194 |
| 650 #1 - SUBJECT ADDED ENTRY--TOPICAL TERM |
| Topical term or geographic name as entry element |
Schools |
| Form subdivision |
Fiction. |
| 9 (RLIN) |
5673727 |
| 650 #1 - SUBJECT ADDED ENTRY--TOPICAL TERM |
| Topical term or geographic name as entry element |
Neighbors |
| Form subdivision |
Fiction. |
| 9 (RLIN) |
5678608 |
| 650 #1 - SUBJECT ADDED ENTRY--TOPICAL TERM |
| Topical term or geographic name as entry element |
Humorous stories. |
| 9 (RLIN) |
6274280 |
| 650 #7 - SUBJECT ADDED ENTRY--TOPICAL TERM |
| Topical term or geographic name as entry element |
JUVENILE FICTION / Social Issues / Friendship. |
| Source of heading or term |
bisacsh |
| 9 (RLIN) |
5675883 |
| 650 #7 - SUBJECT ADDED ENTRY--TOPICAL TERM |
| Topical term or geographic name as entry element |
JUVENILE FICTION / Humorous Stories. |
| Source of heading or term |
bisacsh |
| 9 (RLIN) |
5685987 |
| 650 #7 - SUBJECT ADDED ENTRY--TOPICAL TERM |
| Topical term or geographic name as entry element |
JUVENILE FICTION / School & Education. |
| Source of heading or term |
bisacsh |
| 9 (RLIN) |
5703325 |
| 700 1# - ADDED ENTRY--PERSONAL NAME |
| Personal name |
Swearingen, Greg, |
| Dates associated with a name |
1976- |
| Relator term |
illustrator. |
| 9 (RLIN) |
6196234 |
| 856 42 - ELECTRONIC LOCATION AND ACCESS |
| Materials specified |
Contributor biographical information |
| Uniform Resource Identifier |
<a href="http://www.loc.gov/catdir/enhancements/fy1403/2013050369-b.html">http://www.loc.gov/catdir/enhancements/fy1403/2013050369-b.html</a> |
| 856 42 - ELECTRONIC LOCATION AND ACCESS |
| Materials specified |
Publisher description |
| Uniform Resource Identifier |
<a href="http://www.loc.gov/catdir/enhancements/fy1403/2013050369-d.html">http://www.loc.gov/catdir/enhancements/fy1403/2013050369-d.html</a> |
| 942 ## - ADDED ENTRY ELEMENTS (KOHA) |
| Koha item type |
BOOK |
| 998 ## - LOCAL CONTROL INFORMATION (RLIN) |
| -- |
a192941 |